| 000 | 00621nam a2200181Ia 4500 | ||
|---|---|---|---|
| 008 | 151018s9999 xx 000 0 und d | ||
| 082 |
_bRBASDV15584 _a920 |
||
| 100 | _aश दा पेंडसे | ||
| 245 | _aराजगुरू समर्थ रामदास | ||
| 250 | _b1 | ||
| 260 |
_bकेशरी प्रकाशन _c1974 |
||
| 300 | _a412 | ||
| 600 | _aश दा पेंडसे | ||
| 630 | _aराजगुरू समर्थ रामदास | ||
| 700 | _aश दा पेंडसे | ||
| 730 | _aराजगुरू समर्थ रामदास | ||
| 942 | _cBOOK | ||
| 999 |
_c1016310 _d1016307 |
||